000 01175nam a2200241 a 4500
001 000026743
005 20250113131851.0
008 110325s1980 dr abd 001 0 spa d
040 _aDO-SdBNP
_bspa
_cBNPHU
082 _a333.91
_bR426p
110 1 _aRepública Dominicana.
_bSecretariado Técnico de la Presidencia.
_bOficina Nacional de Planificación
_911062
245 1 0 _aPlan regional de desarrollo del Cibao Oriental :
_brecursos hídricos : versión preliminar.
260 _a[Santo Domingo] :
_bSecretariado Técnico de la Presidencia :
_bOEA,
_c1980.
300 _a2v. :
_bil., mapas, tablas ;
_c30 cm.
505 0 _tIntroducción --
_tDiagnóstico hidrometeorológico y fisiográfico --
_tAnálisis de crecidas en la Cuenca del Yuna --
_tEstrategia e identificación de proyectos --
_tAnexos.
650 4 _aDesarrollo de recursos hídricos
_917221
650 4 _aPlanificación económica
_96641
650 4 _aPlanificación estratégica
_92433
650 4 _aPlanificación del desarrollo
_932601
651 4 _aRepública Dominicana
_xPolítica Económica
_9643
710 2 2 _aOrganización de los Estados Americanos
_917918
910 _aValidado. Control de calidad EMS
999 _c26235
_d26235